000 00815nam a2200253 i 4500
001 8270
003 ES-MaACL
005 20230906145424.0
007 t|
008 920428s1992 sp f |||| | spa d
020 _a84-7658-312-5
080 _a791.43(46)"1975/1989"
100 1 _aCaparrós Lera, José María.
_934780
245 1 3 _aEl cine español de la democracia
_b: de la muerte de Franco al "cambio" socialista (1975-1989) /
_cJ.M. Caparrós Lera.
250 _a1ª ed.
260 _aBarcelona :
_bAnthropos,
_c1992.
300 _a446 p., [16] p. de lám. ;
_c20 cm.
490 1 _aPalabra plástica ;
_v16
504 _aBibliografía: p. 429-431.
650 1 4 _aCine-
_zEspaña-
_vHistoria.
_9171028
830 1 _aPalabra plástica ;
_v16
_9177413
852 _aES-MaACL
_jL-15739
999 _c8270
_d8270